Normal view
MARC view
- Supervised by Dr. Amir Hamza Dr. Umar Shahbaz khan
Entry Personal Name
001 - CONTROL NUMBER
- control field: 71972
003 - CONTROL NUMBER IDENTIFIER
- control field: NUST
005 - DATE AND TIME OF LATEST TRANSACTION
- control field: 20210628204725.0
008 - FIXED-LENGTH DATA ELEMENTS
- fixed length control field: 210628|| aca||aabn | a|a d
040 ## - CATALOGING SOURCE
- Original cataloging agency: NUST
- Transcribing agency: NUST
100 ## - HEADING--PERSONAL NAME
- Personal name: Supervised by Dr. Amir Hamza Dr. Umar Shahbaz khan
670 ## - SOURCE DATA FOUND
- Source citation: Work cat.: (NUST): Muhammad Zeeshan Kayani Ramzan Ali Shah Muhammad Mashood Rahat Faizan Asif Gaba Shuja Inayat 71971, PR-SOF-1688-MECHICAL DESIGN AND DEVELOPMENT SOLAR POWERED ELECTRIC BICYCLE, 2018
